|
|
|
|
| LEADER |
00759nam a2200205Ia 4500 |
| 001 |
CTU_98937 |
| 008 |
210402s9999 xx 000 0 und d |
| 082 |
|
|
|a 384.55
|
| 082 |
|
|
|b C734
|
| 110 |
|
|
|a Committee, Space, and Technology
|
| 245 |
|
0 |
|a Hearings before the subcommittee on International Scientific Cooperation of the Committee on Science, Space, and Technology U. S. House of Representatives :
|
| 245 |
|
0 |
|b one hundred first congress
|
| 245 |
|
0 |
|c Committee on Science, Space, and Technology
|
| 260 |
|
|
|a Washington
|
| 260 |
|
|
|b Superintendent o Documents, Congressional Sales Office
|
| 260 |
|
|
|c 1989
|
| 650 |
|
|
|a Telecommunications
|
| 650 |
|
|
|z United states
|
| 904 |
|
|
|i Năm
|
| 980 |
|
|
|a Trung tâm Học liệu Trường Đại học Cần Thơ
|